Quizzes
Events
Quiz Creation
Community
Videos
Private Events
Remove Ads
Sign In
Join for FREE
Feedback
Dark Mode
Quiz Categories
Sports
Geography
Music
Movies
Television
Just For Fun
Miscellaneous
History
Literature
Language
Science
Gaming
Entertainment
Religion
Holiday
For Kids
Quiz Lab
Recent
Popular Today
Quiz Kudos Today
Editor Picks
Curator Picks
Quizzes by...
Day
Popularity
Type
Ratings
Length
Year
Community
Subscriptions
Recent Discussions
Orange Saloon
Badges
Playlists
Quests
Create
Leaderboards
Showdown
Live 5
Trivia Bingo
Activity
Puzzle Library
Sporcle Events
Private Events
Virtual Trivia
Globe League
Become a Host
Pub Owners
SporcleCon
Opinionation
Our Games
Videos
Blog
Mobile Apps
Partnerships
Remove Ads and Go Orange
Feedback
Sports
Athletes
MLB
NBA
NHL
NFL
Soccer
Sports Teams
WWE
NCAA
Football
Premier League
Basketball
Baseball
Hockey
Golf
Tennis
Cricket
Rugby
Auto Racing
Olympics
World Cup
Sports
Athletes
MLB
NBA
NHL
NFL
Soccer
Sports Teams
WWE
NCAA
Football
Premier League
Basketball
Baseball
Hockey
Golf
Tennis
Cricket
Rugby
Auto Racing
Olympics
World Cup
Random Quiz
Search Sporcle
×
Quiz Lab
Quiz Lab
Sports
NFL
Type in answers that appear in a list
Type in answers that appear in a list
Classic
Best Score? Go Orange.
LAST 10 NFL PICKS – CLEVELAND BROWNS Stats
Can you name the The Last 10 Cleveland Browns 1st-Round Draft Picks?
By
Babyhaze22
5m
10 Questions
473 Plays
473 Plays
473 Plays
Comments
Comments
Give Quiz Kudos
Give Quiz Kudos
-
- Ratings
hide this ad
More Info
Replay
Link that replays current quiz
Next Quiz
Link to next quiz in quiz playlist
You Got
0%
They Got
Avg Score
82%
Avg Friend Score
Upgrade to see
Score Distribution
Jump to the score distribution portion of the page
Score
0/10
Timer
05:00
0
Plays Today
Year - Position - School
Player
% Correct
2007 -
QB -
Notre Dame
Brady Quinn
99.2%
2007 -
OT -
Wisconsin
Joe Thomas
96.4%
2005 -
WR -
Michigan
Braylon Edwards
95.6%
2004 -
TE -
Miami (FL)
Kellen Winslow
92.4%
2009 -
C -
California
Alex Mack
85.4%
2000 -
DE -
Penn State
Courtney Brown
83.1%
2002 -
RB -
Boston College
William Green
74.4%
2006 -
DE -
Florida State
Kamerion Wimbley
73.2%
2001 -
DT -
Florida
Gerard Warren
66.6%
2003 -
C -
Notre Dame
Jeff Faine
60.7%
Quiz Playlist
Details
Report
Send in Message
Add To Playlist
More Info:
Note: Last 10 first-round picks before the 2010 NFL Draft
Classic:
Type in answers that appear in a list
Last Updated: Feb 16, 2017
Quiz Scoreboard
CHALLENGE
Sign Up to Join the Scoreboard
Show All
Scores
Hide
Comments
May contain spoilers
Recently Published
An Introduction to Baseball
by treessimontrees
Sports
5m
Movies - When Are They Set?
by FPL_Elf
Movies
5m
Popular People in 1961
by mucciniale
History
6m
More to Explore
Quiz From the Vault
Featured Blog Post
Where Did the Easter Bunny Come From?
hide this ad
You Might Also Like...
Tags
Football Quiz
NFL Quiz
1st Round
Brown
Cleveland
Draft
Draft Picks
last
Player
school
Today's Top Quizzes in Sports
Browse Sports
hide this ad
Today's Top Quizzes in NFL
Browse NFL
Top Contributed Quizzes in Sports
1
Les meilleurs buteurs des matchs entre le PSG et l’OM
2
2022 World Cup Stars
3
FIFA Club World Cup Champions
4
Les entraîneurs de l'OM et du PSG au 21e siècle
5
Name the Premier League winners with different clubs
6
La finale Lions - Afrique du Sud 2021
7
Les joueurs passés par le LOSC et le RC Lens
8
Criteria MLB: Left Handed Sluggers
9
Players with Multiple 50 Home Run Seasons
10
5-to-1: UK Sports Teams
Explore More
Trending Topics
Anime
Marvel
NBA
Kpop
Harry Potter
Disney
Crossword
Pokémon
The Office
WWE
Soccer
Country
NFL
Song
Puzzle
hide this ad
More By:
Babyhaze22
Quiz
Plays
Rating
Category
Featured
Created
NFL - High/Low - Passing TD / INT percentage - 2010s
5,564
4.75
Sports
Oct 14, 2021
NFL: Top 3 Annual PPR Leaders by Position - 2010s
3,579
4.50
Sports
Aug 5, 2022
+4,000 Rushing Yards For Franchise
3,485
4.68
Sports
Nov 30, 2012
NFL: Rookie Quarterback Starts - 2010s
2,560
5.00
Sports
Jul 7, 2023
NFL: Most Receiving Yards by Each Team vs. NFC East
2,358
5.00
Sports
Nov 17, 2021
Go to Creator's Profile
Score Distribution
Quiz Creator Spotlight
Babyhaze22
Follow
Send a Message
Quizzes Created
-
Created Quiz Play Count
-
More By This Creator
Popular Quizzes Today
1
Find the Countries of Europe - No Outlines Minefield
2
Find the US States - No Outlines Minefield
3
The Countries of the World
4
Popular People in 1961
5
US States
6
Find the US States
7
1-10 Letter E Words III
8
Risky Map Clicking: Biggest States A-Z
More Sports Quizzes
Every Premier League Team of the Year Player
Quiz Lab
Trending Quizzes
Risky Map Clicking: Least Populous States A-Z
1-10 Letter F Words
1-10 Letter G Words
One Thing in Common: United Kingdom
Not Quite an Element Typing Challenge
Recently Updated
Leaping Animals
pecheneg
Reality TV Shows (A-Z)
bhenderson79
Rickey Henderson's Hall of Fame Teammates
pecheneg
Champions League XIs: Arsenal
pecheneg
Quick Pick: Celebrities in WWE's Hall of Fame
aduchscher
A-Z Keypad Blitz II
pecheneg
Multiple Oscar Actors
pecheneg
Mystery Phrase Blitz: Oscar 'Best Actors'
pecheneg
F. Scott Fitzgerald Novels
LTH
Pick 3 Villains
ddd62291
Trending Topics
Disney
Crossword
Harry Potter
Kpop
NBA
Marvel
Anime
WWE
Country
Puzzle
NFL
Song
Soccer
Pokémon
The Office
Your Account Isn't Verified!
In order to create a playlist on Sporcle, you need to verify the email address you used during registration. Go to your
Sporcle Settings
to finish the process.
Report this User
Report this user for behavior that violates our
Community Guidelines
.
Details:
Send Report
Go to the Sporcle.com Mobile Site →
Comments